Lignes du métro de Tokyo - Logo Quiz - Statistiques

Statistiques générales
  • Ce quiz a été pris 86 fois
  • Le résultat moyen est 7 sur 13
Statistiques - réponses
Par images Réponse % Correct
Ligne Ginza
87%
Ligne Asakusa
64%
Ligne Chiyoda
57%
Ligne Marunouchi
57%
Ligne Shinjuku
57%
Ligne Hibiya
56%
Ligne Fukutoshin
49%
Ligne Oedo
48%
Ligne Tozai
44%
Ligne Hanzomon
43%
Ligne Namboku
43%
Ligne Yurakucho
43%
Ligne Mita
33%
Aucun quiz correspondant
Distribution des résultats
% des personnes avec chaque résultat
Percentile par nombre de réponses
Votre historique - résultats
Vous n’avez pas pris ce quiz